[Event "2. Agria International Open"]
[Site "Agria GRE"]
[Date "2025.08.27"]
[Round "1.1"]
[White "Holm, Kristian Stuvik"]
[Black "Arsovic, Jelena"]
[Result "1-0"]
[WhiteElo "2503"]
[BlackElo "1957"]

1.d4 d5 2.c4 dxc4 3.Nf3 Nf6 4.e3 g6 5.Bxc4 Bg7 6.O-O O-O 7.b4 Ne4 8.Bd3 
Nd6 9.Bb2 Bf5 10.Nc3 Bxd3 11.Qxd3 Nd7 12.Rfd1 a5 13.b5 Nb6 14.Rac1 a4 15.
Ba3 Nbc4 16.Nb1 Nxa3 17.Nxa3 Qd7 18.Rc5 Rfc8 19.Rdc1 Qd8 20.Qe2 Ne4 21.
R5c2 Qd5 22.Qc4 Qd6 23.Qd3 Nf6 24.Nc4 Qd7 25.Nce5 Qd6 26.Ng5 Nd5 27.Ngxf7 
Qf6 28.Qe4 e6 29.Nd6 Rd8 30.Nxb7 Re8 31.Nc5 a3 32.Na6 1-0

[Event "2. Agria International Open"]
[Site "Agria GRE"]
[Date "2025.08.27"]
[Round "1.2"]
[White "Kakkanas, Evangelos"]
[Black "Krallis, Christos"]
[Result "0-1"]
[WhiteElo "1946"]
[BlackElo "2390"]

1.d4 Nf6 2.c4 g6 3.Nc3 Bg7 4.e4 O-O 5.Be3 d6 6.f3 Nc6 7.Nge2 a6 8.Rc1 Bd7 
9.Qd2 b5 10.Nd5 bxc4 11.Nxf6+ exf6 12.Rxc4 f5 13.Qc3 fxe4 14.Rxc6 exf3 15.
gxf3 Bxc6 16.Qxc6 Re8 17.Bf2 Qg5 18.Kd1 Rab8 19.f4 Qf5 20.Qc2 Qd5 21.Ng3 
Qf3+ 22.Kc1 Qxf4+ 23.Kb1 Bxd4 0-1

[Event "2. Agria International Open"]
[Site "Agria GRE"]
[Date "2025.08.27"]
[Round "1.3"]
[White "Kotronias, Vasilios"]
[Black "Mourogiannis, Konstantinos"]
[Result "1-0"]
[WhiteElo "2387"]
[BlackElo "1938"]

1.e4 e5 2.Nf3 d6 3.d4 Nd7 4.Bc4 Be7 5.dxe5 dxe5 6.Qd5 Bb4+ 7.c3 Qe7 8.cxb4
Ngf6 9.Qd3 Qxb4+ 10.Qc3 Qe7 11.Nbd2 O-O 12.O-O c6 13.a4 b6 14.b3 Bb7 15.
Ba3 c5 16.Rfe1 Rac8 17.b4 Rfe8 18.b5 h6 19.Nh4 Nf8 20.Nf5 Qd7 21.Qg3 Ne6 
22.Nxh6+ Kf8 23.Nf5 Qxd2 24.Bxe6 Nh5 25.Qf3 Rxe6 26.Qxh5 Kg8 27.Rad1 Qa2 
28.Qg5 1-0

[Event "2. Agria International Open"]
[Site "Agria GRE"]
[Date "2025.08.27"]
[Round "1.4"]
[White "Koukouvinos, Viktor"]
[Black "Arsovic, Goran"]
[Result "1-0"]
[WhiteElo "1911"]
[BlackElo "2336"]

1.d4 Nf6 2.c4 d6 3.Nc3 g6 4.e4 Bg7 5.h3 Nbd7 6.Nf3 e5 7.Be3 O-O 8.Be2 exd4
9.Bxd4 Re8 10.Qc2 Qe7 11.Nd2 Bh6 12.O-O c5 13.Bxf6 Nxf6 14.f4 Bd7 15.Rae1 
Bc6 16.Bd1 Bg7 17.Qd3 Nd7 18.Bf3 a6 19.Kh1 Rad8 20.g4 g5 21.Bg2 gxf4 22.
Rxf4 Ne5 23.Qe2 Ng6 24.Rf5 Nh4 25.Rh5 Ng6 26.Rf5 Qd7 27.Qf2 Bd4 28.Qg3 b5 
29.Ref1 Re7 30.h4 Be5 31.Qf2 Bxc3 32.bxc3 bxc4 33.h5 Ne5 34.Rg5+ Kf8 35.
Qf6 Re6 36.Qg7+ Ke8 37.Rxe5 1-0

[Event "2. Agria International Open"]
[Site "Agria GRE"]
[Date "2025.08.27"]
[Round "1.5"]
[White "Triantafilidis, Mihail"]
[Black "Kountrias, Kosmas Ioannis"]
[Result "1-0"]
[WhiteElo "2197"]
[BlackElo "1902"]

1.c4 Nf6 2.d4 g6 3.Nc3 Bg7 4.e4 d6 5.Be2 O-O 6.Be3 e5 7.d5 a5 8.g4 Na6 9.
g5 Nd7 10.h4 f5 11.gxf6 Nxf6 12.h5 gxh5 13.Bxh5 Nc5 14.f3 Bd7 15.Qd2 Nxh5 
16.Rxh5 Be8 17.Rh2 Bg6 18.O-O-O Nd7 19.Nh3 Bf6 20.Rg1 Rf7 21.Bg5 Qe7 22.
Kb1 Raf8 23.Nb5 Nb6 24.b3 a4 25.Kb2 axb3 26.axb3 Rd8 27.Qf2 Nd7 28.Nxc7 
Nc5 29.Qh4 Bxg5 30.Nxg5 Qxc7 31.Nxf7 Kxf7 32.Qxh7+ Bxh7 33.Rxh7+ Kf6 34.
Rxc7 Rh8 35.b4 1-0

[Event "2. Agria International Open"]
[Site "Agria GRE"]
[Date "2025.08.27"]
[Round "1.6"]
[White "Vasilakopoulos, Georgios"]
[Black "Zygouris, Hristos"]
[Result "0-1"]
[WhiteElo "1891"]
[BlackElo "2187"]

1.e4 c5 2.Nf3 Nc6 3.Nc3 e6 4.d4 cxd4 5.Nxd4 Qc7 6.Be3 a6 7.g4 Bb4 8.Nxc6 
Qxc6 9.Qd4 Bxc3+ 10.bxc3 f6 11.Qc4 Qxc4 12.Bxc4 b5 13.Bd3 Bb7 14.f3 Bc6 
15.c4 bxc4 16.Bxc4 h5 17.g5 Ne7 18.Rb1 Kf7 19.gxf6 gxf6 20.Kf2 Rhc8 21.
Rhd1 Ke8 22.Rd2 Ng6 23.Rb6 a5 24.Bb5 Ne5 25.Bxc6 Rxc6 26.Rxc6 Nxc6 27.Kg3 
Ne5 28.Rd4 Rc8 29.Ra4 Nc4 30.Bd4 Kf7 31.Bc3 d5 32.Kf2 f5 33.exd5 exd5 34.
Ke2 Ke6 35.Kd3 Kd7 36.a3 Kc6 37.Rxa5 Nxa5 38.Bxa5 Kd6 39.Be1 Rc4 40.Bg3+ 
Ke6 41.Be1 Kf6 42.Bg3 h4 43.Bd6 Ke6 44.Bb4 h3 45.Be1 f4 46.Bb4 Rc8 47.a4 
Rg8 48.a5 Kd7 49.Bd2 Rg3 50.a6 Rxf3+ 51.Ke2 Ra3 52.Bxf4 Ke6 53.Bb8 Rxa6 
54.Kd3 Rc6 55.Bg3 Kf5 56.Kd4 Ke6 57.Kd3 Rc4 58.c3 Kf5 59.Bd6 Kg4 60.Be5 
Re4 61.Bb8 Kf3 62.Bd6 Kg2 63.Bc7 Kg1 64.Bd6 Rg4 65.Bc7 Rg2 66.Ke3 Rg4 67.
Kd3 Kf2 68.Bd6 Kf3 69.Bc7 Rc4 70.Bd6 Kg4 71.Bb8 Kf5 72.Bg3 Ke6 73.Bb8 Rg4 
74.Bc7 Kd7 75.Bb8 Kc6 76.Be5 Kc5 77.Bb8 Re4 78.Bg3 Kb5 79.Bd6 Ka4 80.Bc7 
Kb3 81.Bd6 Re6 82.Bb8 Re1 83.Kd2 Re8 84.Bd6 Kc4 85.Bc7 Rg8 0-1

[Event "2. Agria International Open"]
[Site "Agria GRE"]
[Date "2025.08.27"]
[Round "1.10"]
[White "Chalioris, Stefanos-Anthimos"]
[Black "Exizoglou, Dimitrios"]
[Result "1/2-1/2"]
[WhiteElo "1864"]
[BlackElo "2088"]

1.d4 e6 2.c4 d5 3.g3 dxc4 4.Bg2 Bb4+ 5.Bd2 a5 6.a3 Bxd2+ 7.Qxd2 c6 8.a4 
Na6 9.Nf3 Nf6 10.Na3 O-O 11.O-O Nb4 12.Nxc4 Qc7 13.Rfd1 Rd8 14.Qc1 Bd7 15.
e3 Rac8 16.Nce5 Be8 17.Nd3 Nfd5 18.Nfe5 b6 19.Nxb4 Nxb4 20.Nd3 Nxd3 21.
Rxd3 e5 22.Qc3 exd4 23.Rxd4 c5 24.Rd5 Bc6 25.Rxd8+ Rxd8 26.Bxc6 Qxc6 27.
Qc2 Qf3 28.Re1 h5 29.h4 g6 30.b3 Rd6 31.Re2 Qd5 32.e4 Qd4 33.e5 Re6 34.Qe4
Qd1+ 35.Kg2 Qxb3 36.Rd2 Qb4 37.Rd8+ Kg7 38.Qa8 Rxe5 39.Rg8+ Kf6 40.Qf3+ 
Ke7 41.Qb7+ Kf6 42.Qf3+ Ke7 43.Qb7+ 1/2-1/2

[Event "2. Agria International Open"]
[Site "Agria GRE"]
[Date "2025.08.28"]
[Round "2.1"]
[White "Mantazis, Georgios Rafail"]
[Black "Holm, Kristian Stuvik"]
[Result "0-1"]
[WhiteElo "2052"]
[BlackElo "2503"]

1.e4 e6 2.d4 d5 3.Nd2 Be7 4.Ngf3 Nf6 5.Bd3 c5 6.exd5 Nxd5 7.dxc5 Nd7 8.Nb3
Nxc5 9.Nxc5 Qa5+ 10.c3 Qxc5 11.O-O O-O 12.Qe2 Qc7 13.Bc2 Nf4 14.Qe4 Ng6 
15.Nd4 Bd7 16.Qe2 Rae8 17.Be3 a6 18.Qh5 Bd6 19.g4 f5 20.Rae1 Ne5 21.gxf5 
exf5 22.Bf4 g6 23.Qh3 Nf3+ 24.Qxf3 Bxf4 25.h3 Kg7 26.Bb3 Bh2+ 27.Kg2 Be5 
28.Qd5 Kh6 29.Qc4 Qd8 30.Nf3 Bb5 31.Qb4 Bd6 32.Qd4 Bxf1+ 33.Rxf1 Qf6 34.
Qd2+ Kg7 35.Qd5 Re7 36.Rd1 Bb8 37.h4 Qc6 38.Qd4+ Be5 39.Qb4 Bf6 40.Bd5 Qc7
41.Nd4 Rd8 42.Bxb7 Rxd4 43.Rxd4 Qxb7+ 44.Qxb7 Rxb7 0-1

[Event "2. Agria International Open"]
[Site "Agria GRE"]
[Date "2025.08.28"]
[Round "2.2"]
[White "Krallis, Christos"]
[Black "Karakasidis, Michail"]
[Result "1/2-1/2"]
[WhiteElo "2390"]
[BlackElo "2037"]

1.e4 e6 2.Nf3 c5 3.Nc3 Nc6 4.d4 cxd4 5.Nxd4 Qc7 6.g3 a6 7.Bg2 d6 8.O-O Bd7
9.Re1 Be7 10.Nxc6 Bxc6 11.Ne2 Nf6 12.Nd4 Bd7 13.a4 O-O 14.a5 Rac8 15.c3 e5
16.Nf5 Bxf5 17.exf5 d5 18.Bg5 Rfd8 19.Qb3 e4 20.Red1 Qc4 21.Qxc4 Rxc4 22.
f3 h6 23.Be3 Re8 24.fxe4 dxe4 25.Bf1 Rcc8 26.Be2 Bc5 27.Kf2 Re5 28.g4 
Bxe3+ 29.Kxe3 Nd5+ 30.Kf2 g6 31.fxg6 fxg6 32.Ra4 Rf8+ 33.Kg3 Kg7 34.Rad4 
Nf6 35.b4 e3 36.Bf3 e2 37.Re1 Re3 38.Kg2 Rf7 39.c4 Nd7 40.Rxe2 Rexf3 41.
Rxd7 Rxd7 42.Kxf3 Kf6 43.Ke4 Ke6 44.Re3 Rd1 45.Rh3 Rg1 46.Rxh6 Rxg4+ 47.
Kd3 Kd6 48.h3 Rg1 49.Ke4 Kc7 50.Kd5 Rg5+ 51.Kd4 Kc6 52.h4 Rg4+ 53.Ke5 Rg1 
54.h5 Rg5+ 55.Kd4 Rxh5 56.Rxg6+ Kc7 57.Re6 Rg5 58.Re5 Rg6 59.Rd5 Kc6 60.
Rc5+ Kd6 61.Re5 Rg1 62.Rd5+ Kc6 63.b5+ axb5 64.cxb5+ Kc7 65.Rc5+ Kd6 66.
Rd5+ Kc7 67.Ke5 Re1+ 68.Kf6 Ra1 69.b6+ Kc6 70.Re5 Kd6 71.Rf5 Kc6 72.Ke7 
Rd1 73.Ke8 Rd2 74.Re5 Rd1 75.Kf7 Rb1 76.Ke7 Rd1 77.Re2 Kb5 78.Re5+ Ka6 79.
Rc5 Ra1 1/2-1/2

[Event "2. Agria International Open"]
[Site "Agria GRE"]
[Date "2025.08.28"]
[Round "2.3"]
[White "Koutras, Konstantinos"]
[Black "Kotronias, Vasilios"]
[Result "0-1"]
[WhiteElo "1868"]
[BlackElo "2387"]

1.e4 d6 2.d4 Nf6 3.Nc3 e5 4.Nf3 Nbd7 5.Bc4 Be7 6.O-O O-O 7.Qe2 c6 8.a4 a5 
9.Bb3 exd4 10.Nxd4 Nc5 11.Ba2 Re8 12.f3 Bf8 13.Qf2 Nfd7 14.Bf4 Nb6 15.Qg3 
Qf6 16.Rad1 Nbxa4 17.Nxa4 Nxa4 18.Rfe1 Nxb2 19.Rd2 d5 20.c3 Nc4 21.Rde2 
Bd7 22.Bb1 dxe4 23.Rxe4 Bd6 24.Rxe8+ Rxe8 25.Rxe8+ Bxe8 26.Nf5 Bxf4 27.
Qxf4 b5 28.Qb8 Qe5 29.Qxe5 Nxe5 30.Nd6 Bd7 31.f4 Nc4 32.Nxc4 bxc4 33.Kf2 
a4 34.Ke3 c5 35.Ke4 Bc6+ 36.Ke5 a3 37.Ba2 Ba4 38.Bxc4 Bc2 39.Ba2 c4 40.
Bxc4 Bb1 41.Kd4 Kf8 42.Kc5 Ke7 43.Kb5 Bd3 0-1

[Event "2. Agria International Open"]
[Site "Agria GRE"]
[Date "2025.08.28"]
[Round "2.4"]
[White "Sarsentos, Dimitrios"]
[Black "Triantafilidis, Mihail"]
[Result "0-1"]
[WhiteElo "1803"]
[BlackElo "2197"]

1.e4 e5 2.Nf3 Nc6 3.Bc4 Bc5 4.c3 Nf6 5.d3 d6 6.Nbd2 a6 7.Bb3 Ba7 8.Nf1 O-O
9.Ng3 h6 10.O-O d5 11.Qe2 Re8 12.Re1 Be6 13.Be3 d4 14.Bd2 Bxb3 15.axb3 a5 
16.c4 Bc5 17.Nf5 Nd7 18.N3h4 Bf8 19.Qg4 Kh7 20.Qh3 Nc5 21.Ra3 Nb4 22.Rea1 
Nc2 23.g4 Nxa1 24.g5 Re6 25.gxh6 gxh6 0-1

[Event "2. Agria International Open"]
[Site "Agria GRE"]
[Date "2025.08.28"]
[Round "2.5"]
[White "Townsend, M Paul"]
[Black "Zniber, Reda"]
[Result "1-0"]
[WhiteElo "2167"]
[BlackElo "1975"]

1.Nf3 d5 2.c4 e6 3.g3 Nf6 4.Bg2 Bd6 5.O-O O-O 6.d4 h6 7.Nc3 Nc6 8.b3 dxc4 
9.bxc4 e5 10.d5 Na5 11.c5 Bxc5 12.Nxe5 Bd6 13.Nd3 Re8 14.Re1 Nc4 15.Qb3 
Ne5 16.Nxe5 Bxe5 17.Bb2 Rb8 18.Rad1 Bd7 19.Nb5 Bxb2 20.Qxb2 Bxb5 21.Qxb5 
Ne4 22.Qc4 Nd6 23.Qd4 b6 24.e4 Nb7 25.e5 Nc5 26.f4 Qd7 27.h4 Ra8 28.Kh2 
Qa4 29.Qf2 Qa3 30.f5 Nd7 31.Qf4 Qe7 32.f6 gxf6 33.exf6 Qxf6 34.Rxe8+ Rxe8 
35.Qg4+ Qg6 36.Qxd7 Re3 37.Qh3 Qc2 38.Qg4+ Kf8 39.Rf1 Re2 40.Qf3 Re7 41.
Qf6 Qh7 42.Qf5 Qxf5 43.Rxf5 Re2 44.a4 a6 45.Rf4 Ke7 46.Kh3 Rb2 47.Rc4 Kd7 
48.Be4 b5 49.axb5 axb5 50.Rc6 b4 51.Rxh6 Rd2 52.Rh8 Rd4 53.Bg2 1-0

[Event "2. Agria International Open"]
[Site "Agria GRE"]
[Date "2025.08.28"]
[Round "2.6"]
[White "Boutikos, Eleftherios"]
[Black "Stefanidi, Maria-Anna"]
[Result "0-1"]
[WhiteElo "2061"]
[BlackElo "1966"]

1.e4 d6 2.d4 g6 3.Nc3 Bg7 4.Be3 a6 5.a4 Nd7 6.Bc4 b6 7.Nf3 h6 8.O-O Bb7 9.
Nd2 c5 10.d5 Ne5 11.Be2 g5 12.f4 gxf4 13.Bxf4 Ng6 14.Bg3 Nf6 15.Nc4 O-O 
16.Ne3 b5 17.axb5 axb5 18.Bxb5 Rxa1 19.Qxa1 Nh5 20.Bf2 e6 21.Qa7 Bc8 22.
Nc4 Qg5 23.Be3 Ngf4 24.Bxf4 Nxf4 25.g3 Bd4+ 26.Kh1 Nh3 27.Kg2 exd5 28.Nxd6
Qd2+ 29.Ne2 c4 30.Qxd4 Qxe2+ 31.Rf2 Nxf2 32.Nxc8 Nxe4+ 33.Kg1 Rxc8 34.Ba6 
Ra8 35.Qb6 Rxa6 0-1

[Event "2. Agria International Open"]
[Site "Agria GRE"]
[Date "2025.08.28"]
[Round "2.7"]
[White "Exizoglou, Dimitrios"]
[Black "Petkaki, Danai"]
[Result "1-0"]
[WhiteElo "2088"]
[BlackElo "1654"]

1.c4 e5 2.g3 d6 3.Bg2 f5 4.Nc3 Be7 5.Nf3 Nf6 6.O-O O-O 7.d4 e4 8.Ne1 d5 9.
cxd5 Nxd5 10.f3 exf3 11.Bxf3 Nxc3 12.bxc3 c6 13.Qb3+ Kh8 14.Nd3 Nd7 15.Bd2
Bd6 16.Rae1 Rb8 17.e4 fxe4 18.Bxe4 Rxf1+ 19.Rxf1 Qe8 20.Re1 Qh5 21.Bf4 
Bxf4 22.Nxf4 Qg4 23.Bf3 Qf5 24.Re8+ Nf8 25.Bg4 Qf6 26.Bxc8 1-0

[Event "2. Agria International Open"]
[Site "Agria GRE"]
[Date "2025.08.28"]
[Round "2.8"]
[White "Tzamtzis, Konstantinos"]
[Black "Lichtmannecker, Daniel"]
[Result "0-1"]
[WhiteElo "1843"]
[BlackElo "2176"]

1.d4 Nf6 2.Nf3 d5 3.c4 e6 4.Nc3 dxc4 5.e3 a6 6.a4 b6 7.Bxc4 Bb7 8.O-O Bb4 
9.Ne5 O-O 10.Qb3 Qe7 11.f3 Nbd7 12.Nxd7 Nxd7 13.e4 c5 14.Na2 Ba5 15.dxc5 
bxc5 16.Bf4 Nb6 17.Rac1 Bc6 18.Qa3 Bxa4 19.b3 Bb4 20.Qb2 Nxc4 21.bxc4 Rfd8
22.Nxb4 cxb4 23.c5 a5 24.c6 Rdc8 25.c7 f6 26.Bg3 Be8 27.Qd4 e5 28.Qd5+ Qf7
29.Rfd1 Qxd5 30.exd5 a4 31.Be1 b3 32.Bb4 b2 33.Rc3 Bg6 34.d6 b1=Q 35.Rxb1 
Bxb1 36.d7 Bf5 37.d8=Q+ Rxd8 38.cxd8=Q+ Rxd8 39.Ba3 h5 40.Kf2 Rd2+ 41.Kf1 
Be6 42.Rc6 Bd7 43.Ra6 Kf7 44.Ra7 h4 45.Bb4 Rd1+ 46.Kf2 Ke6 47.Ra6+ Kf5 48.
Ra7 Kg6 49.Ke2 Rd5 50.Bf8 Kf7 51.Ba3 g5 52.Ke3 Kg6 53.Be7 Bb5 0-1

[Event "2. Agria International Open"]
[Site "Agria GRE"]
[Date "2025.08.28"]
[Round "2.9"]
[White "Bougas, Georgios"]
[Black "Chalioris, Stefanos-Anthimos"]
[Result "1/2-1/2"]
[WhiteElo "2064"]
[BlackElo "1864"]

1.e4 d5 2.exd5 Qxd5 3.Nc3 Qa5 4.d4 Nf6 5.Bc4 c6 6.Qe2 Bf5 7.Nf3 e6 8.Bd2 
Bb4 9.O-O Nbd7 10.a3 Bxc3 11.Bxc3 Qc7 12.Ne5 O-O 13.Nxd7 Qxd7 14.Bb3 Rfd8 
15.Rad1 Qc7 16.f3 h6 17.Be1 Rd7 18.g4 Bh7 19.c3 Re8 20.Bg3 Qb6 21.Ba2 Nd5 
22.Rfe1 Red8 23.c4 Nf6 24.Be5 c5 25.d5 exd5 26.cxd5 Bg6 27.d6 Ne8 28.h4 
c4+ 29.Qf2 Qxf2+ 30.Kxf2 Bd3 31.b3 b5 32.bxc4 bxc4 33.Rc1 Rc8 34.Red1 Nxd6
35.Bxd6 Rxd6 36.Bxc4 Rcd8 37.Bxd3 Rxd3 38.Rxd3 Rxd3 39.Rc8+ Kh7 40.Rc7 
Rxa3 1/2-1/2

[Event "2. Agria International Open"]
[Site "Agria GRE"]
[Date "2025.08.28"]
[Round "2.10"]
[White "Draci, Robert"]
[Black "Holm, Ragnar"]
[Result "0-1"]
[WhiteElo "2119"]
[BlackElo "2064"]

1.d4 Nf6 2.Nf3 e6 3.c4 d5 4.Nc3 c6 5.e3 Nbd7 6.Bd3 Bd6 7.O-O O-O 8.Qc2 e5 
9.cxd5 cxd5 10.dxe5 Nxe5 11.Be2 Bg4 12.Nxe5 Bxe5 13.Bxg4 Nxg4 14.h3 Nf6 
15.Qb3 Qd7 16.Rd1 Bxc3 17.Qxc3 Qf5 18.Qd3 Qxd3 19.Rxd3 Rac8 20.Bd2 Rc2 21.
Rb1 Ne4 22.Be1 Rd8 23.f3 Nc5 24.Rd4 Ne6 25.Rd3 d4 26.exd4 Rxd4 27.Rxd4 
Nxd4 28.Rd1 Ne6 29.Bc3 h5 30.Rd7 Nf4 31.Rd2 Rxd2 32.Bxd2 Nd5 33.g4 hxg4 
34.fxg4 Kh7 35.Kf2 Kg6 36.h4 f6 37.Kf3 Kf7 38.Ke4 Ke6 39.a4 Kd6 40.Be1 a6 
41.b4 b5 42.axb5 axb5 43.h5 Ke6 44.Kd4 Kd6 45.Ke4 Ke6 46.Bd2 Ne7 47.Bc3 
Nd5 48.Be1 Ne7 49.Bf2 Nd5 50.Bc5 Nc3+ 51.Kd4 Ne2+ 52.Ke3 Nc1 53.Ke4 Ne2 
54.Bf8 Kf7 55.Bd6 Ke6 56.Bh2 Nc3+ 57.Kd4 Na4 58.Bf4 Kf7 59.Kd5 g6 60.hxg6+
Kxg6 61.Bd2 Nb2 62.Kc5 Nc4 63.Bf4 Na3 64.Bc1 Nc4 65.Bf4 Na3 66.Kc6 Kf7 67.
Bc1 Nc4 68.Kxb5 Ne5 69.Bf4 Nxg4 70.Kc6 Nf2 71.b5 Nd3 72.Bg3 Ke6 73.b6 Nb4+
74.Kb5 Kd7 75.Kxb4 Kc6 76.Ka5 Kb7 77.Kb5 0-1

[Event "2. Agria International Open"]
[Site "Agria GRE"]
[Date "2025.08.28"]
[Round "3.1"]
[White "Kotronias, Vasilios"]
[Black "Townsend, M Paul"]
[Result "1-0"]
[WhiteElo "2387"]
[BlackElo "2167"]

1.e4 e6 2.d4 d5 3.Nd2 c5 4.Ngf3 Nf6 5.exd5 exd5 6.Bb5+ Bd7 7.Bxd7+ Nbxd7 
8.O-O Be7 9.dxc5 Nxc5 10.Nd4 g6 11.N2b3 O-O 12.Nxc5 Bxc5 13.Be3 Qb6 14.Rb1
Ne4 15.Qd3 Rac8 16.f3 Nd6 17.Bf2 Qb4 18.c3 Qc4 19.Qxc4 Nxc4 20.Rfd1 Rfe8 
21.Nb3 Bxf2+ 22.Kxf2 Re5 23.Nd4 Rce8 24.b3 Ne3 25.Rd2 f5 26.Nb5 a6 27.Nd6 
R8e7 28.c4 dxc4 29.bxc4 f4 30.Rxb7 Rxb7 31.Nxb7 Nxc4 32.Rd8+ Kg7 33.Rd7+ 
Kf6 34.Rd4 Nb2 35.Rxf4+ Kg5 36.Rd4 Rb5 37.Nd6 Ra5 38.Rd2 Na4 39.Ne4+ Kf5 
40.Rc2 Ke6 41.Ke3 Kd7 42.Kd4 Nb6 43.Nc5+ Ke7 44.Re2+ Kf7 45.f4 Na8 46.a4 
Nb6 47.Ra2 Nc8 48.Kc4 Ne7 49.Rb2 1-0

[Event "2. Agria International Open"]
[Site "Agria GRE"]
[Date "2025.08.28"]
[Round "3.2"]
[White "Triantafilidis, Mihail"]
[Black "Stefanidi, Maria-Anna"]
[Result "1-0"]
[WhiteElo "2197"]
[BlackElo "1966"]

1.e4 c5 2.Nf3 d6 3.d4 cxd4 4.Nxd4 Nf6 5.Nc3 g6 6.f3 Bg7 7.Be3 a6 8.Qd2 b5 
9.a4 bxa4 10.Rxa4 Bb7 11.Be2 O-O 12.O-O Nbd7 13.Nb3 Ne5 14.Rfa1 Qc7 15.Na5
Bc8 16.h3 Bd7 17.f4 Nc6 18.Rc4 Rac8 19.Nd5 Qd8 20.Bb6 Qe8 21.Nc7 Rxc7 22.
Bxc7 Nxa5 23.Bxa5 Bb5 24.Rb4 Bxe2 25.Qxe2 Nh5 26.e5 dxe5 27.fxe5 Qc6 28.
Qc4 Qxc4 29.Rxc4 Bxe5 30.Bc3 Bxc3 31.Rxc3 Rb8 32.b3 Nf4 33.Rc4 e5 34.Rd1 
Re8 35.Re1 g5 36.g3 Ng6 37.Rc6 f5 38.Rxa6 Re7 39.Rea1 e4 40.Ra8+ Kf7 41.
R8a7 f4 42.Rxe7+ Kxe7 43.Ra7+ Kf6 44.Rxh7 Ne5 45.Rh6+ Ke7 46.gxf4 gxf4 47.
Kf2 Nf3 48.c3 Kf7 49.b4 Ne5 50.b5 Nd3+ 51.Ke2 f3+ 52.Ke3 f2 53.Ke2 e3 54.
Rh4 Nc1+ 55.Kf1 Nb3 56.Rf4+ Kg6 57.Ke2 Nd2 58.h4 1-0

[Event "2. Agria International Open"]
[Site "Agria GRE"]
[Date "2025.08.28"]
[Round "3.3"]
[White "Zamit, Kyriakos"]
[Black "Krallis, Christos"]
[Result "0-1"]
[WhiteElo "1853"]
[BlackElo "2390"]

1.e4 c5 2.Nf3 e6 3.c3 d5 4.exd5 exd5 5.d4 Nc6 6.Bb5 Bd6 7.O-O Ne7 8.dxc5 
Bxc5 9.Nbd2 O-O 10.Nb3 Bb6 11.Nfd4 Qd6 12.Bd3 Ng6 13.a4 Nce5 14.Nb5 Qf6 
15.a5 Bd8 16.Be2 a6 17.N5d4 Bc7 18.Nf3 Re8 19.Nbd4 Bg4 20.g3 Nc4 21.Bg5 
Qd6 22.b3 Nxa5 23.Qd3 h6 24.Be3 Re7 25.Nd2 Ne5 26.Qc2 Bxe2 27.Nxe2 Nac6 
28.Ra4 b5 29.Rh4 Qf6 30.Qd1 Qf5 31.Nf4 Rd8 32.Rh5 Qf6 33.Bc5 Ree8 34.Qc2 
g5 35.Ng2 Qg6 36.Qxg6+ fxg6 37.Rxh6 Kg7 38.Rh3 g4 39.Rh4 g5 40.f4 0-1

[Event "2. Agria International Open"]
[Site "Agria GRE"]
[Date "2025.08.28"]
[Round "3.4"]
[White "Zygouris, Hristos"]
[Black "Yordanov, Nikolay"]
[Result "1/2-1/2"]
[WhiteElo "2187"]
[BlackElo "2061"]

1.Nf3 Nc6 2.d4 d5 3.g3 Bg4 4.Bg2 Qd7 5.O-O Bh3 6.c4 Bxg2 7.Kxg2 e6 8.Nc3 
Nf6 9.Ne5 Nxe5 10.dxe5 d4 11.exf6 dxc3 12.Qb3 Qc6+ 13.f3 gxf6 14.Qxc3 Bg7 
15.b4 b5 16.Bh6 O-O 17.Bxg7 Kxg7 18.Rfc1 Rfd8 19.cxb5 Qxb5 20.Qc4 Rab8 21.
a3 Rd2 22.Kf2 Qe5 23.Ra2 Rbd8 24.Rxd2 Rxd2 25.Qe4 Qxe4 26.fxe4 Ra2 27.Rc3 
Kf8 28.Kf3 Ke8 29.h4 Kd7 30.Ke3 a6 31.Kf3 Kd6 32.Ke3 Kd7 33.Kf3 Kd6 34.e3 
c6 35.Kg4 Ke5 36.Rxc6 Rxa3 37.Kf3 Ra4 38.g4 Rxb4 39.Rxa6 f5 40.exf5 h5 41.
Ra5+ Kd6 42.fxe6 hxg4+ 43.Kg3 Kxe6 44.Ra6+ Kf5 45.Ra5+ Ke6 46.h5 f5 47.h6 
Kf6 48.h7 Rb8 49.Kf4 Rb4+ 50.Kg3 Rb8 51.Rb5 Re8 52.e4 fxe4 53.Rh5 Kg7 54.
h8=Q+ Rxh8 55.Rxh8 Kxh8 56.Kxg4 e3 57.Kf3 e2 58.Kxe2 1/2-1/2

[Event "2. Agria International Open"]
[Site "Agria GRE"]
[Date "2025.08.28"]
[Round "3.5"]
[White "Lichtmannecker, Daniel"]
[Black "Koukouvinos, Viktor"]
[Result "1-0"]
[WhiteElo "2176"]
[BlackElo "1911"]

1.e4 e6 2.d4 d5 3.e5 c5 4.c3 Nc6 5.Nf3 Qb6 6.a3 Bd7 7.b4 cxd4 8.cxd4 Rc8 
9.Be2 Nge7 10.O-O Nf5 11.Bb2 Be7 12.Kh1 Nb8 13.Nc3 g5 14.g4 Ng7 15.Qd2 Qd8
16.Nb5 a6 17.Nd6+ Bxd6 18.exd6 f6 19.a4 h5 20.gxh5 Nxh5 21.Rg1 Nf4 22.Bf1 
Kf8 23.b5 Rh5 24.Rc1 Kf7 25.Rc5 axb5 26.axb5 b6 27.Rc3 Qh8 28.Bc1 Qh7 29.
Rxc8 Bxc8 30.Qc3 Qe4 31.Bxf4 Qxf4 32.Qxc8 Qxf3+ 33.Rg2 Rh4 34.Qxb8 Rxd4 
35.Qc7+ Kg6 36.Qc2+ f5 37.d7 Rd1 38.Qxd1 Qxd1 39.Kg1 1-0

[Event "2. Agria International Open"]
[Site "Agria GRE"]
[Date "2025.08.29"]
[Round "3.6"]
[White "Karakasidis, Michail"]
[Black "Exizoglou, Dimitrios"]
[Result "1-0"]
[WhiteElo "2037"]
[BlackElo "2088"]

1.e4 e6 2.d4 d5 3.Nd2 c5 4.Ngf3 Nc6 5.exd5 exd5 6.Bb5 Bd6 7.dxc5 Bxc5 8.
O-O Ne7 9.Nb3 Bd6 10.Be3 O-O 11.c3 h6 12.Nbd4 Bd7 13.Bd3 Bg4 14.h3 Bh5 15.
Be2 Re8 16.Re1 a6 17.Qd2 Bg6 18.Bd3 Qd7 19.Rad1 Rad8 20.Qc2 Qc7 21.Bxg6 
Nxg6 22.Nf5 Bf4 23.g3 Nge5 24.Nxe5 Bxe5 25.Qa4 Re6 26.Bd4 Bxd4 27.Nxd4 Re4
28.Rxe4 dxe4 29.Kg2 Qd7 30.Rd2 Qd5 31.Nxc6 Qxd2 32.Nxd8 Qxd8 33.Qxe4 Qd7 
34.h4 h5 35.c4 g6 36.b4 Kh7 37.Qd5 Qe7 38.c5 Kg7 39.a4 Kh7 40.b5 axb5 41.
axb5 Kg7 42.c6 bxc6 43.Qxc6 Qe5 44.b6 Qd4 45.b7 Qe5 46.Qb6 Qb8 47.Qa6 Qe5 
48.Qa7 1-0

[Event "2. Agria International Open"]
[Site "Agria GRE"]
[Date "2025.08.28"]
[Round "3.7"]
[White "Bougas, Georgios"]
[Black "Poullas, Antonis"]
[Result "1-0"]
[WhiteElo "2064"]
[BlackElo "1886"]

1.e4 c5 2.Nf3 d6 3.d4 cxd4 4.Nxd4 Nf6 5.Nc3 a6 6.Be2 e5 7.Nb3 Be6 8.f4 Qc7
9.g4 h6 10.g5 hxg5 11.fxg5 Nfd7 12.h4 Nc6 13.Be3 Nb6 14.Qd2 O-O-O 15.O-O-O
d5 16.Bxb6 Qxb6 17.Nxd5 Bxd5 18.exd5 Nb4 19.a3 Nxd5 20.Bf3 Nf4 21.Bxb7+ 
Kxb7 22.Qxd8 Qxd8 23.Rxd8 Ne6 24.Rd7+ Kc6 25.Rxf7 Nxg5 26.Rf5 Ne4 27.Rxe5 
Ng3 28.Rh3 Bd6 29.Re6 Nf5 30.Rg6 Kd5 31.Kb1 Be7 32.Rf3 Nxh4 33.Rd3+ Ke5 
34.Rxg7 Nf5 35.Rg1 Ra8 36.Rf3 Ke4 37.Nd2+ Ke5 38.Re1+ 1-0

[Event "2. Agria International Open"]
[Site "Agria GRE"]
[Date "2025.08.28"]
[Round "3.8"]
[White "Paraskevas, Sokratis"]
[Black "Boutikos, Eleftherios"]
[Result "1-0"]
[WhiteElo "1870"]
[BlackElo "2061"]

1.e4 c5 2.Nc3 Nc6 3.a3 g6 4.Bc4 Bg7 5.d3 e6 6.Nh3 Nge7 7.f3 d5 8.Ba2 O-O 
9.O-O h6 10.Nf4 d4 11.Nce2 b5 12.Qe1 a5 13.Nh3 Ba6 14.Qh4 Nc8 15.Bg5 hxg5 
16.Nxg5 Re8 17.f4 Nd6 18.f5 gxf5 19.exf5 exf5 20.Qh7+ Kf8 21.Nxf7 Nxf7 22.
Qxf5 Bf6 23.Qxc5+ Kg7 24.Ng3 Re5 25.Qxc6 Nd6 26.Rxf6 Kxf6 27.Ne4+ Kg7 28.
Nxd6 Qe7 29.Rf1 Rf8 30.Bf7 Bb7 31.Ne8+ 1-0

[Event "2. Agria International Open"]
[Site "Agria GRE"]
[Date "2025.08.28"]
[Round "3.9"]
[White "Chalioris, Stefanos-Anthimos"]
[Black "Mantazis, Georgios Rafail"]
[Result "0-1"]
[WhiteElo "1864"]
[BlackElo "2052"]

1.d4 d6 2.Nf3 Nd7 3.c4 e5 4.e4 Ngf6 5.Nc3 c6 6.d5 Be7 7.Be2 h6 8.O-O g5 9.
Ne1 Nf8 10.Nd3 Ng6 11.Re1 Nf4 12.Bf1 Qc7 13.f3 Bd7 14.Be3 c5 15.a3 Kf8 16.
Nf2 Rg8 17.Qd2 Kg7 18.Kh1 Kh7 19.g3 Ng6 20.Be2 Raf8 21.Rg1 Nh5 22.Nd3 Ng7 
23.Rad1 f5 24.Nxc5 f4 25.Nxd7 Qxd7 26.gxf4 Nxf4 27.Bf1 Ngh5 28.Ne2 Nh3 29.
Bxh3 Qxh3 30.Ng3 Rxf3 31.Nf5 Rf8 32.Bxa7 R8xf5 33.exf5 Nf4 34.Rde1 g4 35.
Bf2 Qxh2+ 0-1

[Event "2. Agria International Open"]
[Site "Agria GRE"]
[Date "2025.08.28"]
[Round "3.10"]
[White "Zniber, Reda"]
[Black "Koutras, Konstantinos"]
[Result "1/2-1/2"]
[WhiteElo "1975"]
[BlackElo "1868"]

1.c4 e5 2.g3 Nc6 3.Bg2 g6 4.Nc3 Bg7 5.e3 Nge7 6.Nge2 O-O 7.O-O d6 8.d3 Be6
9.Nd5 Qd7 10.Rb1 Rae8 11.b4 Nd8 12.b5 Nc8 13.Qb3 c6 14.bxc6 bxc6 15.Ndc3 
Ne7 16.Ba3 f5 17.f4 Nf7 18.Qa4 Rb8 19.Rxb8 Rxb8 20.Rb1 Rxb1+ 21.Nxb1 Nd8 
22.Nd2 Nc8 23.Nb3 Nb6 24.Qa6 c5 25.Nd2 Bf8 26.Bb2 Bg7 27.Qa3 Qa4 28.Qb3 
Qxb3 29.axb3 exf4 30.Bxg7 fxe3 31.Bc3 exd2 32.Bxd2 d5 33.Nf4 dxc4 34.dxc4 
g5 35.Nd3 Nd7 36.Bxg5 Nf7 37.Be3 Nfe5 38.Nxe5 Nxe5 39.Bxc5 a5 40.Bd6 Nd7 
41.Bc6 Kf7 42.Kf2 Nf6 43.Bc7 a4 44.Bxa4 Ne4+ 45.Ke3 Nc5 46.Kd4 Nxa4 47.
bxa4 Ke8 48.Kc5 Kd7 49.Bf4 Kc8 50.Kb5 Kb7 51.a5 Bd7+ 52.Kc5 Be6 53.Be3 Ka6
54.Bd2 Kb7 55.Bc3 Bf7 56.Bf6 Be6 57.Bd8 Bf7 58.Kd4 Bh5 59.Ke5 Kc6 60.Kxf5 
Be2 61.a6 Bxc4 62.a7 Kb7 63.Bb6 Bd3+ 64.Kg5 Bb1 65.Kh6 Bc2 66.g4 Bb1 67.h4
Bc2 68.Be3 Ka8 69.h5 Bd3 70.Kg5 Kb7 71.Kf4 Bb1 72.g5 Bc2 73.Bd4 Bb1 74.Ke5
Ka8 75.Kf6 Bc2 76.Kg7 Bd3 77.Be3 Be4 78.Kf6 Bb1 79.g6 Bxg6 80.hxg6 hxg6 
1/2-1/2